| 000 | 02091nam0a2200385 i 4500 | ||
|---|---|---|---|
| 001 | RU\NLR\BIBL_A\010826536 | ||
| 005 | 20241102054619.0 | ||
| 010 |
_a9785160112350 _bИНФРА-М, print |
||
| 010 |
_a978-5-16-103392-0 _bИНФРА-М, online |
||
| 010 |
_a978-5-7638-3157-3 _bСФУ _9500 |
||
| 021 |
_aRU _b2015-55423 _93278 |
||
| 035 | _a(NILC)RuMoRGB-007983059 | ||
| 035 | _a(NLR Aleph) 010826536 | ||
| 090 |
_a10266893 _c10266893 |
||
| 100 | _a20150828d2016 u y0rusy50 ca | ||
| 101 | 0 | _arus | |
| 102 | _aRU | ||
| 105 | _aa|||z|||000yy | ||
| 200 | 1 |
_aРазрушение горных пород при проведении геологоразведочных работ _eучебное пособие для студентов высших учебных заведений, обучающихся по направлению подготовки 21.05.03 (130102) "Технологии геологической разведки" _fВ. В. Нескоромных _gМ-во образования и науки Российской Федерации, Сибирский федеральный ун-т |
|
| 205 | _a2-е изд. | ||
| 210 |
_aМосква _cИНФРА-М _aКрасноярск _cСФУ _d2016 _d[т.е. 2015] |
||
| 215 |
_a391, [1] с. _cил. _d22 |
||
| 225 | 1 | _aВысшее образование - бакалавриат | |
| 225 | 1 | _aБакалавриат | |
| 300 | _aФактическая дата выхода в свет - 2015 | ||
| 320 | _aБиблиогр.: с. 387-389 (40 назв.) | ||
| 606 |
_aГорные породы _jУчебные издания для высших учебных заведений _xРазрушение при разведочном бурении _91237527 _3RU\NLR\AUTH\66187707 |
||
| 686 | 1 | _aД443.57,1я73 | |
| 700 | 1 |
_7ca _8rus _aНескоромных _bВ. В. _f1958- _gВячеслав Васильевич _9184774 _3RU\NLR\AUTH\770184825 |
|
| 801 | 0 |
_aRU _bРГБ _c20150724 _gRCR |
|
| 801 | 1 |
_aRU _bРГБ _c20150724 _2rusmarc |
|
| 942 | _cBOOK | ||
| 980 | _aNBR | ||